Potravinárstvo vedecký časopis pre potravinárstvo

Bibliographic Details
Other Authors: Zajác, Peter, 1978- (Publishing director)
Format: Journal
Language:Slovak
Czech
English
PhysicalDescription:3 zv. 30 cm
Online vydanie : Potravinárstvo (Online) ISSN 1337-0960
Published: Nitrianske Hrnčiarovce HACCP Consulting 2009-2011
ISSN:1338-0230
Subjects:
Online Access:http://www.potravinarstvo.com

MARC

LEADER 00000cas a2200000 a 4500
001 vtls009954439
003 SK-MaSNL
005 20260228162355.0
008 150914d20092011xo qr|p 0 b0slo
022 |a 1338-0230 
040 |a SVKBB  |b slo  |c SVKBB  |d SAVUK  |d SNK  |e AACR2 
041 0 |a slo  |a cze  |a eng 
044 |a xo  |c SK 
072 7 |a 663  |x Priemysel nápojov. Kvasný priemysel. Priemysel pochutín  |2 konspekt 
072 7 |a 614  |x Verejné zdravie a hygiena  |2 konspekt 
080 |a 663/664  |2 2001 
080 |a 050  |2 2001 
080 |a 001(051)  |2 2001 
080 |a 614.31  |2 2001 
210 0 |a Potravinárstvo  |b (Tlačené vyd.) 
222 0 |a Potravinárstvo  |b (Tlačené vydanie) 
245 0 0 |a Potravinárstvo  |b vedecký časopis pre potravinárstvo 
260 |a Nitrianske Hrnčiarovce  |b HACCP Consulting  |c 2009-2011 
300 |a 3 zv.  |c 30 cm 
310 |a 4x ročne 
362 0 |a Roč. 3, č. 2 (aug. 2009)-roč. 5, č. 4 (dec. 2011) 
500 |a Roky 2007-2008 a č. 1/2009 vychádza v elektronickej podobe 
500 |a Evidenčné číslo MK SR: 3771/09 
500 |a Šéfred.: Peter Zajác 
500 |a Od r. 2012 časopis vychádza už len v elektronickej podobe 
500 |a Od č. 1/2011 podnázov aj v angl. 
530 |a Online vydanie : Potravinárstvo (Online) ISSN 1337-0960 
546 |a Čiast. text v češ. aj angl. 
650 0 7 |a potravinárstvo  |2 SNKPH  |9 678 
650 0 7 |a Food industry and trade  |2 SNKPHeng  |9 267198 
650 0 7 |a hygiena potravín  |2 SNKPH  |9 2487 
650 0 7 |a Food hygiene  |2 SNKPHeng  |9 90888 
655 7 |a vedecké časopisy  |2 SNKPH  |9 70520 
655 7 |a Scientific journals  |2 SNKPHeng  |9 265227 
700 1 |a Zajác, Peter,  |d 1978-  |4 pbd  |9 197802 
710 2 |a Slovenská poľnohospodárska univerzita v Nitre.  |b Fakulta biotechnológie a potravinárstva.  |b Katedra hygieny a bezpečnosti potravín  |4 pbl  |9 179552 
852 |a Štátna vedecká knižnica v Banskej Bystrici 
856 4 1 |u http://www.potravinarstvo.com 
910 |a savuk 
910 |a snk 
999 |c 7741  |d 9671 
952 |0 0  |1 0  |4 0  |7 0  |8 0  |a SNK  |b SNK  |d 2015-09-11  |i snk2015/26166  |l 0  |o snkČSB 5986/3/2009  |p 17A1096806  |r 2026-02-21 20:43:33  |t č. 2-4  |w 2026-02-21  |y PREZ  |z č. 1 v elektronickej podobe 
952 |0 0  |1 0  |4 0  |7 0  |8 0  |a SNK  |b SNK  |d 2015-09-11  |i snk2015/26170  |l 0  |o snkČSB 5986/4/2010  |p 17A1096807  |r 2026-02-21 20:43:33  |t č. 1-4  |w 2026-02-21  |y PREZ 
952 |0 0  |1 0  |4 0  |7 0  |8 0  |a SNK  |b SNK  |d 2015-09-11  |i snk2015/26172  |l 0  |o snkČSB 5986/5/2011  |p 17A1096808  |r 2026-02-21 20:43:33  |t č. 1-4  |w 2026-02-21  |y PREZ 
952 |0 0  |1 0  |4 0  |7 0  |8 0  |a SNK  |b SNK  |d 2015-09-11  |i snk2015/26173  |l 0  |o snkČSB 5986/3/2009 D1  |p 17A1096809  |r 2026-02-21 20:43:33  |t č. 2-4  |w 2026-02-21  |y PREZ  |z č. 1 v elektronickej podobe 
952 |0 0  |1 0  |4 0  |7 0  |8 0  |a SNK  |b SNK  |d 2015-09-11  |i snk2015/26175  |l 0  |o snkČSB 5986/4/2010 D1  |p 17A1096810  |r 2026-02-21 20:43:33  |t č. 1-4  |w 2026-02-21  |y PREZ 
952 |0 0  |1 0  |4 0  |7 0  |8 0  |a SNK  |b SNK  |d 2015-09-11  |i snk2015/26176  |l 0  |o snkČSB 5986/5/2011 D1  |p 17A1096811  |r 2026-02-21 20:43:33  |t č. 1-4  |w 2026-02-21  |y PREZ